| 000 | 01039nas a2200337 4500 | ||
|---|---|---|---|
| 001 | BR0404264 | ||
| 003 | BR-BrBNA | ||
| 005 | 20231205104803.0 | ||
| 007 | ta | ||
| 008 | 230509b bl.|||p| |||| 00| 00por d | ||
| 040 |
_aBR-BrBNA _bpor _cBiblioteca Nacional de Agricultura |
||
| 041 | _a(Pt) | ||
| 072 | _aL73 | ||
| 100 | 1 | _aArduino, G. de G.C. | |
| 100 | 1 | _aGirio, R.J.S. | |
| 100 | 1 | _aFreire, M.M. | |
| 100 | 1 | _aMarchiori Filho, M. | |
| 245 | 1 | _aAnticorpos contra Leptospira spp em bovinos leiteiros vacinados com bacterina polivalente comercial. Perfil sorológico frente a dois esquemas de vacinação | |
| 650 | _aGADO LEITEIRO | ||
| 650 | _aLEPTOSPIROSE | ||
| 650 | _aBACTÉRIA | ||
| 650 | _aSORO | ||
| 650 | _aVACINA | ||
| 650 | _aFÊMEA | ||
| 650 | _aANÁLISE COMPARATIVA | ||
| 650 | _aDIAGNÓSTICO | ||
| 650 | _aSORO-AGLUTINAÇÃO | ||
| 773 | 0 |
_tCiência Rural (Brazil) _xISSN 0103-8478 _g(May-Jun 2004), v. 34(3) p. 865-871 _wBR0404264 |
|
| 909 |
_a202311 _bLúcia _c55 _dLúcia Elande |
||
| 942 |
_2AGRIS _n0 _cANA |
||
| 999 |
_c179688 _d179688 |
||